000 00426nam a2200181Ia 4500
001 1678
005 20260306143746.0
008 260306t1970||||xx |||||||||||||| ||spa||
041 _aESP
082 _a154.2
_bI47
100 _aEy, Henri
_eAUT
245 0 _aEl inconciente :
_bEl mundo del hombre
260 _c1970
300 _a454 páginas :
_c23 x 16 cm.
650 _aGEN
654 _aCPS
942 _cLIB
_dJUS
_fJUS
_2ddc
_n
999 _c1678
_d1678